<?xml version="1.0" encoding="UTF-8"?><?xml-stylesheet type="text/xsl" href="static/style.xsl"?><OAI-PMH xmlns="http://www.openarchives.org/OAI/2.0/" xmlns:xsi="http://www.w3.org/2001/XMLSchema-instance" xsi:schemaLocation="http://www.openarchives.org/OAI/2.0/ http://www.openarchives.org/OAI/2.0/OAI-PMH.xsd"><responseDate>2026-04-18T18:06:50Z</responseDate><request verb="GetRecord" identifier="oai:riubu.ubu.es:10259/9975" metadataPrefix="marc">https://riubu.ubu.es/oai/request</request><GetRecord><record><header><identifier>oai:riubu.ubu.es:10259/9975</identifier><datestamp>2025-03-08T23:42:10Z</datestamp><setSpec>com_10259_4862</setSpec><setSpec>com_10259_5086</setSpec><setSpec>com_10259_2604</setSpec><setSpec>col_10259_9974</setSpec></header><metadata><record xmlns="http://www.loc.gov/MARC21/slim" xmlns:doc="http://www.lyncode.com/xoai" xmlns:xsi="http://www.w3.org/2001/XMLSchema-instance" xmlns:dcterms="http://purl.org/dc/terms/" xsi:schemaLocation="http://www.loc.gov/MARC21/slim http://www.loc.gov/standards/marcxml/schema/MARC21slim.xsd">
<leader>00925njm 22002777a 4500</leader>
<datafield tag="042" ind1=" " ind2=" ">
<subfield code="a">dc</subfield>
</datafield>
<datafield tag="720" ind1=" " ind2=" ">
<subfield code="a">Rodríguez Lázaro, David</subfield>
<subfield code="e">author</subfield>
</datafield>
<datafield tag="720" ind1=" " ind2=" ">
<subfield code="a">Yeramian Hakim, Nadine</subfield>
<subfield code="e">author</subfield>
</datafield>
<datafield tag="720" ind1=" " ind2=" ">
<subfield code="a">Fongaro, Gislaine</subfield>
<subfield code="e">author</subfield>
</datafield>
<datafield tag="260" ind1=" " ind2=" ">
<subfield code="c">2024-03</subfield>
</datafield>
<datafield tag="520" ind1=" " ind2=" ">
<subfield code="a">The number of bacterial gastroenteritis associated with seafood products has increased considerably during last decades. Among the bacterial pathogens that can produce gastroenteritis associated with seafood products, three can be considered a primary threat: the enteropathogenic Vibrio, Listeria monocytogenes, and Salmonella spp. Microbiological quality control programs are being increasingly applied throughout the seafood production chain in order to minimize the risk of infection for consumers. In this chapter, we will revise the most relevant aspect of the detection strategies developed for those main bacterial pathogens.</subfield>
</datafield>
<datafield tag="024" ind2=" " ind1="8">
<subfield code="a">9781003289401</subfield>
</datafield>
<datafield tag="024" ind2=" " ind1="8">
<subfield code="a">http://hdl.handle.net/10259/9975</subfield>
</datafield>
<datafield tag="024" ind2=" " ind1="8">
<subfield code="a">10.1201/9781003289401</subfield>
</datafield>
<datafield ind1=" " ind2=" " tag="653">
<subfield code="a">Food safety</subfield>
</datafield>
<datafield ind1=" " ind2=" " tag="653">
<subfield code="a">Public health</subfield>
</datafield>
<datafield ind1=" " ind2=" " tag="653">
<subfield code="a">Detection</subfield>
</datafield>
<datafield ind1=" " ind2=" " tag="653">
<subfield code="a">Bacteria</subfield>
</datafield>
<datafield ind1=" " ind2=" " tag="653">
<subfield code="a">Salmonella</subfield>
</datafield>
<datafield ind1=" " ind2=" " tag="653">
<subfield code="a">Listeria</subfield>
</datafield>
<datafield ind1=" " ind2=" " tag="653">
<subfield code="a">Vibrio</subfield>
</datafield>
<datafield ind1=" " ind2=" " tag="653">
<subfield code="a">Outbreaks</subfield>
</datafield>
<datafield ind1=" " ind2=" " tag="653">
<subfield code="a">Molecular methods</subfield>
</datafield>
<datafield ind1=" " ind2=" " tag="653">
<subfield code="a">PCR</subfield>
</datafield>
<datafield ind1=" " ind2=" " tag="653">
<subfield code="a">Culture</subfield>
</datafield>
<datafield tag="245" ind1="0" ind2="0">
<subfield code="a">Detection of the Principal Foodborne Pathogens in Seafood and Seafood-Related Environments</subfield>
</datafield>
</record></metadata></record></GetRecord></OAI-PMH>